00487 2200169 4500001002100000005001500021008004100036020001300077035001900090041000800109082001500117084002100132100003200153245006100185260004500246300002600291INLIS00000000000165320200508201545200508||||||||| | ||| |||| ||ind|| a97880024 0010-0520001653 aind0 a001.621.36 a001.621.36/UND/U0 aSekretariat jenderal MPR RI00aUndang-undang dasar negara Republik Indonesia tahun 1945 aJakartabSekertariat Jenderal MKRIc2007 a81 hal.; 23 cmc23 cm